Designing Interactions

Spremljeno u:
Bibliografski detalji
Glavni autor: Bill Moggridge
Format: Knjiga
Izdano: MIT
Teme:
Oznake: Dodaj oznaku
Bez oznaka, Budi prvi tko označuje ovaj zapis!

MARC

LEADER 00000nam a2200000Ia 4500
005 20260427112638.0
526 |b Immersive Arts 
100 |a Bill Moggridge 
020 |a 9780262134743 
650 |a Design 
526 |a Masters 
942 |c BK 
245 |a Designing Interactions 
260 |b MIT 
999 |c 4  |d 4 
952 |0 0  |1 0  |4 0  |7 0  |8 4  |a BRISTOL  |b BRISTOL  |d 2026-04-22  |l 0  |p 000130  |r 2026-04-27 11:26:39  |w 2026-04-27  |y BK